Advances in Management and Applied Economics

Detalles Bibliográficos
Formato: Revista
Lenguaje:inglés
Publicado: Bushey Heath : International Scientific Press, 2011-
Materias:
Acceso en línea:http://www.vlex.com/source/7142

MARC

LEADER 00000nas a22000007a 4500
005 20130312151625.0
007 cr|||| ||||
008 130312c20119999xxk r|p s|||| 0|||a1eng d
022 |a 17927544  
035 |a 7142 
040 |a vLex 
090 |c 3897  |d 3897 
245 0 0 |a Advances in Management and Applied Economics  |h [Recurso electrn̤ico]  
256 |a Servicio en ln̕ea 
260 |a Bushey Heath :  |b International Scientific Press,  |c 2011- 
300 |a 1 Recurso electrn̤ico 
506 |d vLex Global  |d vLex Global (Academic Edition, excluding Law Schools)  |d vLex Global (U.S. Academic Edition, Law Schools)  |d vLex Global (U.S. Academic Edition, excluding Law Schools)  |d vLex Global (Academic Edition, Law Schools) 
650 0 4 |a Administracin̤ (Management)  |v Revistas 
650 0 4 |a Economa̕  |v Revistas 
740 |a vLex Revistas (Servicio en ln̕ea) 
856 |a Acceso restringido  |u http://www.vlex.com/source/7142 
942 |c REV 
999 0 |a Management